01023nam a2200217 a 4500001001000000005001700010008004100027020001500068050002200083245017700105260005500282300004200337500020600379504003100585650002500616650007200641700002800713700001700741700002700758700002000785BRCA_101520190320203237.0071105s1996----gw-a---###---#000-0#spa-d a3980407039 4aNK2715b.C54 199610a100 [i.e. Cien] obras maestras de la colección del Vitra Design Museumceditores Alexander von Vegesack, Peter Dunas, Mathias Shwartz-Claus ; traducción Rosario Uranga. aWeil am Rhein, AlemaniabVitra Design Museumc1996 a270 p.bil. (algunas a color)c30 cm. aCatálogo de la exposición realizada en el Vitra Design Museum (Weil am Rhein, Alemania), 10 julio, 1995 - 21 enero, 1996 y en el Museo Franz Mayer (Ciudad de México), 24 agosto - 30 octubre, 2005 aBibliografía: p. 255-26814aSillasvExposiciones14aSillasvExposicionesxColección privadazWeil am Rhein (Alemania)1 aVon Vegesack, Alexander1 aDunas, Peter1 aShwartz-Claus, Mathias1 aUranga, Rosario